| 000 | 00583nam a2200205Ia 4500 | ||
|---|---|---|---|
| 003 | OSt | ||
| 005 | 20250304105633.0 | ||
| 008 | 210210b1972 xxu||||| |||| 00| 0 eng d | ||
| 040 | _cAL | ||
| 041 | _ahin | ||
| 082 | _aH891.8 PANK | ||
| 100 |
_aPANDEY (Vinodchandr): _9203649 |
||
| 110 |
_bपांडेय विनोदचन्द्र _9203650 |
||
| 245 |
_aKatha Javaharlal ki: _bकथा जवाहरलाल की |
||
| 260 |
_aLucknow _bBaloday Prakashan _c1972 |
||
| 300 | _a32 | ||
| 690 |
_aHindi Miscellaneous _9203651 |
||
| 906 | _a029987 | ||
| 942 |
_2ddc _cBK |
||
| 999 |
_c81184 _d81184 |
||